000 00507nmm a2200169Ia 4500
008 251105s9999||||xx |||||||||||||||||und||
020 _a9788467535983
041 _aspa
100 _aGallego García, Laura
245 0 _aMemorias de Idhún. Panteón :
_b Libro VI: Génesis
264 _a[Madrid, España] :
_bGrupo SM,
_c2010
300 _a541 páginas
490 _aMemorias de Idhun
650 _aTeen & Young Adult Fiction
856 _uhttps://public.digitaliapublishing.com/a/86069
942 _cCF
999 _c83775
_d83775